Finales Coupes d'Europe Football 2021/2022 - Statistiques

Statistiques générales
  • Ce quiz a été pris 428 fois
  • Le résultat moyen est 5 sur 6
Statistiques - réponses
Réponse % Correct
Real Madrid
99%
Liverpool
98%
AS Rome
76%
Eintracht Francfort
69%
Glasgow Rangers
57%
Feyenoord Rotterdam
56%
Aucun quiz correspondant
Distribution des résultats
% des personnes avec chaque résultat
Percentile par nombre de réponses
Votre historique - résultats
Vous n’avez pas pris ce quiz